Home Print Resources E-Books E-Journals IIMT Lecture Series Library Membership Form Book Recommendation Form Campus Tour Take AdmissionAbout Us Contact Us

APPLIED CHEMISTRY (HINDI) (Record no. 7571)

000 -LEADER
fixed length control field 00337nam a2200145Ia 4500
003 - CONTROL NUMBER IDENTIFIER
control field OSt
005 - DATE AND TIME OF LATEST TRANSACTION
control field 20240213103045.0
008 - FIXED-LENGTH DATA ELEMENTS--GENERAL INFORMATION
fixed length control field 170524s9999 xx 000 0 und d
020 ## - INTERNATIONAL STANDARD BOOK NUMBER
International Standard Book Number 9382174419
040 ## - CATALOGING SOURCE
Transcribing agency IIMT
100 ## - MAIN ENTRY--PERSONAL NAME
Personal name CHAUHAN- B. S.
245 #0 - TITLE STATEMENT
Title APPLIED CHEMISTRY (HINDI)
260 ## - PUBLICATION, DISTRIBUTION, ETC.
Name of publisher, distributor, etc. NEW DELHI: VAYU EDUCAION
942 ## - ADDED ENTRY ELEMENTS (KOHA)
Source of classification or shelving scheme
Koha item type Book Bank
Holdings
Withdrawn status Lost status Source of classification or shelving scheme Damaged status Not for loan Home library Current library Date acquired Full call number Barcode Date last seen Uniform Resource Identifier Price effective from Koha item type Total Checkouts Date last checked out
          IIMT University Central Library Meerut IIMT University Central Library Meerut 05/29/2017 R 01-B-79881 05/29/2017 Chemistry 05/29/2017 Reference Book    
          IIMT University Central Library Meerut IIMT University Central Library Meerut 05/29/2017   01-B-79882 05/29/2017 Chemistry 05/29/2017 Book Bank    
          IIMT University Central Library Meerut IIMT University Central Library Meerut 05/29/2017   01-B-79883 05/29/2017 Chemistry 05/29/2017 Book Bank    
          IIMT University Central Library Meerut IIMT University Central Library Meerut 05/29/2017   01-B-79884 05/29/2017 Chemistry 05/29/2017 Book Bank    
          IIMT University Central Library Meerut IIMT University Central Library Meerut 05/29/2017   01-B-79885 12/21/2017 Chemistry 05/29/2017 Book Bank 1 12/13/2017
IIMT, Central Library. All Rights Reserved IIMT,UNIVERSITY © 2023
Implemented and Customised by I CLOUDE EMS
You Are OPAC Visitor No
free web counter

Powered by Koha